000 00943 a2200253 4500
999 _c537
_d537
005 20190209140955.0
010 _aHIN-78759, B-308622, B-252947
020 _a8179020266
_c100.00
020 _c125.00
035 _aB-209801,B-308622,B-252947
037 _bD.B.Act / pub
082 _a
100 _aमनु, प्रकाश
245 _aगोलू भागा घर से
_cप्रकाश मनु
246 _aGoloo Bhaga Ghar se
_bby Prakash Manu
260 _aदिल्ली
_bसावित्री प्रकाशन
_c2007,
270 _a1376,कश्मीरी गेट
_bदिल्ली
_e110006
300 _a116पृ
_bसचित्र
_c24 सेमी (सजिल्द)
650 _aबाल उपन्यास
650 _aउपन्यास
650 _aChildren Novel
942 _adpl
_cCH
_kउ / मनुप्र
_2ddc
_e2007